Obchodovanie na londýnskom repo trhu bakalárska práca

Guardado en:
Detalles Bibliográficos
Autor principal: Šimko, Jakub
Autor Corporativo: Národohospodárska fakulta EU. Katedra bankovníctva a medzinárodných financií
Otros Autores: Malacká, Viera
Formato: Libro
Lenguaje:eslovaco
Publicado: Bratislava 2018
Etiquetas: Agregar Etiqueta
Sin Etiquetas, Sea el primero en etiquetar este registro!

MARC

LEADER 00000nbm a2200000 4500
001 0245885
005 20181214130824.6
041 0 |a slo 
044 |a SK 
245 1 0 |a Obchodovanie na londýnskom repo trhu  |b bakalárska práca  |c Jakub Šimko ; školiteľ: Viera Malacká 
264 1 |a Bratislava  |c 2018 
300 |a 43 s. 
100 1 |a Šimko, Jakub 
700 1 |a Malacká, Viera 
710 2 |a Národohospodárska fakulta EU. Katedra bankovníctva a medzinárodných financií